Cites les 24 participants du GP Explorer The Last Race - Statistiques

Statistiques générales
  • Ce quiz a été pris 86 fois
  • Le résultat moyen est 20 sur 24
Statistiques - réponses
Écurie Réponse % Correct
Netflix Squeezie
100%
Durex Anyme
96%
Sol de Janeiro Lea Elui
96%
Sol de Janeiro Maghla
96%
Netflix Amine
94%
LEGO Maxime Biaggi
93%
LEGO Djilsi
91%
Samsung SCH
91%
Subway PLK
88%
Erborian Cocottee
87%
Andros Be Nuts Mastu
85%
Subway Mister V
85%
Erborian Baghera
84%
Durex Houdi
84%
Alpine Kaatsup
82%
Samsung Billy
81%
Lofi Girl M8 Gotaga
79%
Cupra Karchez
78%
Andros Be Nuts Theodort
78%
Alpine Ana
75%
Lofi Girl M8 Nikof
70%
Cupra Ander
58%
The Crew Motorfest Ludwig
57%
The Crew Motorfest Michael Reeves
48%
Aucun quiz correspondant
Distribution des résultats
% des personnes avec chaque résultat
Percentile par nombre de réponses
Votre historique - résultats
Vous n’avez pas pris ce quiz